000 00399nam a2200181Ia 4500
001 11145
003 GE_BSU
008 181216s||||||||xx |||||||||||||| ||und||
040 _cGE_BSU
245 4 _aThe Economist.№ 8896. 2014
245 _bJULY 19TH-25TH 2014.
260 _aParis
260 _bThe Economist
260 _c2014.
300 _a78p;29cm.
653 _aThe Economist
942 _cCR
999 _c44383
_d44383